00621nam a2200169 i 450000100060000000300090000600500170001500700030003200800410003510000270007624500910010326000650019430000220025985200320028199900170031395201210033067702ES-MaACL20230906170132.0t|040203s1958 sp ||||1| spa d1 aGalmés, Juan.95365710aQuímica teórico-práctica b: quinto curso de bachillerato / cpor Juan Galmés. aMadrid : bRazón y Fé, c1958 (fSelecciones Gráficas) a219 p. ; c21 cm. aES-MaACLjC-14618 bR.42552 c67702d67702 00104070aATENEOMbATENEOMcFICHd2008-01-17eSCl0oC-14618p1070883r2023-02-23 00:00:00w2023-02-23yMONOGRAFIA